| 000 | 00415nam a2200181Ia 4500 | ||
|---|---|---|---|
| 003 | OSt | ||
| 005 | 20260312144713.0 | ||
| 008 | 250729s2005 xx 000 0 und d | ||
| 040 | _cAL | ||
| 041 | _akan | ||
| 082 | _a371.716 VINH | ||
| 100 |
_aVinhadhari _9230079 |
||
| 245 | _aH I V mattu Nanu | ||
| 260 |
_aMangalore _bVinhadhari _c2005 |
||
| 300 | _a108p | ||
| 650 |
_aEducation _9230080 |
||
| 942 |
_2ddc _cBED |
||
| 999 |
_c238602 _d238602 |
||